Score 0/28 Timer 07:00
13 Plays Today
Hint Word % Correct
Organ of taste and speechtongue
93.5%
Introductory part of a novel, play or filmprologue
87.9%
Madonna song or a fashion magazine headed by Anna
Wintour
Vogue
86.6%
The common word in NFL, MLB, MLS, and NHLleague
80.4%
Jewish house of worshipsynagogue
77.3%
Concluding part of a novel, play or filmepilogue
76.2%
Unclear and indefinitevague
71.7%
Mercutio: 'A _______ on both your houses!'plague
71.6%
The Vltava river flows through this European capital cityPrague
67.8%
What one will feel after a marathonfatigue
67.6%
Opening act of any late night talk showmonologue
66.4%
Female X-Men memberRogue
56.7%
Conversationdialogue
56.6%
People are dying to get into this placemorgue
56.2%
Hint Word % Correct
One of the abovementioned housesMontague
51.9%
Pastry topping made with egg whitesmeringue
51.4%
To arouse curiosity and fascinationintrigue
50.5%
To make a case for or againstargue
50.2%
Smooth transitionsegue
43.6%
Accent from the Emerald Islebrogue
38.3%
Judicial capital of the United NationsThe Hague
37.4%
Bach or Mozart workfugue
33.3%
Caribbean ballroom dancemerengue
32.6%
A malarial fever and common crossword puzzle wordague
21%
Like Watson to Holmes or Watson to Crickcolleague
20.5%
Long, intense verbal attackharangue
20%
A public speaker who seeks to gain from appeals to the audience's emotion and prejudicedemagogue
16.9%
A pedantic teacherpedagogue
16.9%
Remove Ads.
Support Sporcle.
Get the best of Sporcle when you Go Orange. This ad-free experience offers more features, more stats, and more fun while also helping to support Sporcle. Thank you for becoming a member.

You're not logged in!

Compare scores with friends on all Sporcle quizzes.
OR
Log In

Show Comments

Extras

Top Quizzes Today


Score Distribution

Your Account Isn't Verified!

In order to create a playlist on Sporcle, you need to verify the email address you used during registration. Go to your Sporcle Settings to finish the process.

Report this User

Report this user for behavior that violates our Community Guidelines.

Details: